The classical vernacular : architectural principles in an age of nihilism /

Bibliographic Details
Main Author: Scruton, Roger
Format: Book
Language:English
Published: New York : St. Martin's Press, 1995.
Subjects:

MARC

Tag First Indicator Second Indicator Subfields
LEADER 00000cam a2200000 a 4500
001 in00001237700
005 20151003071847.0
008 950110s1995 nyuaf b 001 0 eng
010 |a  95002604  
020 |a 0312125011 
035 |a (OCoLC)31900761 
035 |9 AGT5321AM 
040 |a DLC  |c DLC  |d TXA  |d UtOrBLW 
049 |a TXAM 
050 0 0 |a NA208  |b .S4 1995 
082 0 0 |a 724/.5  |2 20 
100 1 |a Scruton, Roger. 
245 1 4 |a The classical vernacular :  |b architectural principles in an age of nihilism /  |c Roger Scruton. 
264 1 |a New York :  |b St. Martin's Press,  |c 1995. 
300 |a xviii, 158 pages, 16 unnumbered pages of plates :  |b illustrations ;  |c 24 cm. 
336 |a text  |b txt  |2 rdacontent 
337 |a unmediated  |b n  |2 rdamedia 
338 |a volume  |b nc  |2 rdacarrier 
504 |a Includes bibliographical references and index. 
650 0 |a Vernacular architecture. 
650 0 |a Architecture, Modern  |y 19th century. 
650 0 |a Architecture, Modern  |y 20th century. 
999 |a MARS 
999 f f |s 481904e5-9f87-3321-adda-054117b65c11  |i c0c8bbcb-0794-32f7-813a-89588e298073  |t 0 
952 f f |p storage  |a Texas A&M University  |b J.J. Pickle Campus  |c High Density Repository  |d Remote Storage  |t 0  |e NA208 .S4 1995  |h Library of Congress classification  |i unmediated -- volume  |m A14819190144 
952 f f |p normal  |a Texas A&M University  |b College Station  |c Sterling C. Evans Library  |d Evans: Library Stacks  |t 0  |e NA208 .S4 1995  |h Library of Congress classification  |i unmediated -- volume  |m A14819380529 
998 f f |a NA208 .S4 1995  |t 0  |l Remote Storage 
998 f f |a NA208 .S4 1995  |t 0  |l Evans: Library Stacks